Country per ICAO Code - South America - Statistics

General Stats
  • This quiz has been taken 7 times
    4 since last reset
  • The average score is 8 of 21
Answer Stats
Hint Answer % Correct
SJ Brazil
100%
SB Brazil
67%
SD Brazil
67%
SI Brazil
67%
SN Brazil
67%
SS Brazil
67%
SA Argentina
33%
SW Brazil
33%
SC Chile
33%
SK Colombia
33%
SE Ecuador
33%
SY Guyana
33%
SP Peru
33%
SM Suriname
33%
SU Uruguay
33%
SV Venezuela
33%
SL Bolivia
0%
SH Chile
0%
SO France (French Guinea)
0%
SG Paraguay
0%
SF United Kingdom (Falkland Islands)
0%
No matching quizzes found
Score Distribution
Percent of People with Each Score
Percentile by Number Answered
Your Score History
You have not taken this quiz since the last reset